Evolution of pakistan (Record no. 567901)

000 -LEADER
fixed length control field 00446nam a22001697a 4500
003 - CONTROL NUMBER IDENTIFIER
control field CEME
005 - DATE AND TIME OF LATEST TRANSACTION
control field 20210628201950.0
008 - FIXED-LENGTH DATA ELEMENTS--GENERAL INFORMATION
fixed length control field 210129b xxu||||| |||| 00| 0 eng d
040 ## - CATALOGING SOURCE
Transcribing agency .
082 ## - DEWEY DECIMAL CLASSIFICATION NUMBER
Classification number 954.91 PIR
100 ## - MAIN ENTRY--PERSONAL NAME
Personal name Syed Sharifuddin Pirzada,Pirzada, Syed Sharifuddin
9 (RLIN) 57631
245 ## - TITLE STATEMENT
Title Evolution of pakistan
260 ## - PUBLICATION, DISTRIBUTION, ETC.
Place of publication, distribution, etc. KARACHI
Name of publisher, distributor, etc. ROYAL BOOK
Date of publication, distribution, etc. 1995
300 ## - PHYSICAL DESCRIPTION
Extent 417P
650 ## - SUBJECT ADDED ENTRY--TOPICAL TERM
Topical term or geographic name entry element EVOLUTION OF PAKISTAN.
9 (RLIN) 57632
942 ## - ADDED ENTRY ELEMENTS (KOHA)
Koha item type Book
Source of classification or shelving scheme
Holdings
Withdrawn status Lost status Damaged status Not for loan Permanent Location Current Location Shelving location Date acquired Total Checkouts Full call number Barcode Date last seen Price effective from Koha item type
        College of Electrical & Mechanical Engineering (CEME) College of Electrical & Mechanical Engineering (CEME) General Stacks 03/14/2017   954.91 PIR CEME-39604 06/28/2021 06/28/2021 Book
© 2023 Central Library, National University of Sciences and Technology. All Rights Reserved.